Seinfeld Characters by Picture - Statistics

General Stats
  • This quiz has been taken 66 times
  • The average score is 10 of 14
Answer Stats
Picture Answer % Correct
Cosmo Kramer
100%
Elaine Benes
100%
George Costanza
100%
Jerry Seinfeld
100%
Newman
95%
Frank Costanza
83%
Susan Ross
81%
J. Peterman
76%
David Puddy
68%
Estelle Costanza
68%
George Steinbrenner
65%
Jackie Chiles
44%
Mr. Wilhelm
35%
Helen Seinfeld
24%
No matching quizzes found
Score Distribution
Percent of People with Each Score
Percentile by Number Answered
Your Score History
You have not taken this quiz